000 00205nam a22000857a 4500
008 170201b xxu||||| |||| 00| 0 eng d
100 _92721
_aLew.K.
245 _aPhysical Science-3-5
260 _aU.S.A.
_bCD
_c2009
999 _c5887
_d5887